000 01079nam a2200217Ii 4500
003 JO-AjNU
008 230605s9999||||xx |||||||||||||| ||und||
020 _a978-9953-86-576-8
040 _aJO-AjNU
_bara
_erda
_cJO-AjNU
041 _aara
050 1 4 _aHB61.2009
100 3 _aإعداد تحسين التاجي الفاروقي، مراجعة تيسير عبد الجابر,
_eauthor
_927531
245 0 0 _a معجم الاقتصاد المعاصر : إنجليزي-عربي مع التعاريف باللغتين العربية والإنجليزية
250 _aط1
264 3 1 _aبيروت: مكتبة لبنان، 2009
300 _aمتعدد الترقيم
_bيشتمل على مراجع ببلوغرافية باللغة العربية واللغة الانجليزية ص(585-671)ويشتمل على مسردعربي عام ص(1-96)ويشتمل على مسردإنكليزي عام ص(585-668)
336 _atext
_btxt
_2rdacontent
337 _aunmediated
_bn
_2rdamedia
338 _avolume
_bnc
_2rdacarrier
650 4 _aالاقتصاد -- معاجم
_927532
999 _aA10570
_c14138
_d14138